000 00574nam a22001817a 4500
999 _c10753
_d10753
003 AR-CdUCM
008 190401b ||||| |||| 00| 0 spa d
040 _aMUNICIPALIDAD PROVINCIAL DEL CUSCO
_cBIBLIOTECA MUNICIPAL DEL CUSCO
082 _aES / 800 /
_bF38
100 _aFernandez de Moratin, Leandro
_9832
245 _aEl si de las niñas /
260 _aLima :
_bEditorial Toribio Anyarin Injante,
300 _a127 paginas ;
_c15 cm.
505 _aContenido :El si de las niñas.
650 _aLiteratura contemporánea
_9759
942 _2ddc
_cLIBROS
945 _arum